00430nam a22001337a 4500003000500000038001800005082000800023100001800031245009100049264003500140650003100175700003300206856005700239NUST aNusrat Nadeem a200 aMahmood, Amna aIntegration of LLMs with Conventional Control for Autonomous Vehicles/cAmna Mahmood,  aIslamabad:SSEECS NUST,c2026. aMS-Electrical Engineering  aSupervisor: Dr. Sohail Iqbal uhttp://10.250.8.41:8080/xmlui/handle/123456789/57882